Transformation groups (Record no. 213668)
[ view plain ]
| 000 -LEADER | |
|---|---|
| fixed length control field | 01208nam a2200325Ia 4500 |
| 100 1# - MAIN ENTRY--AUTHOR NAME | |
| Personal name | Dieck, Tammo tom. |
| 245 10 - TITLE STATEMENT | |
| Title | Transformation groups |
| 260 ## - PUBLICATION, DISTRIBUTION, ETC. (IMPRINT) | |
| Place of publication | Berlin ; |
| -- | New York : |
| Name of publisher | W. de Gruyter, |
| Year of publication | 1987. |
| 300 ## - PHYSICAL DESCRIPTION | |
| Number of Pages | x, 311 p. |
| 490 0# - SERIES STATEMENT | |
| Series statement | De Gruyter studies in mathematics ; |
| 650 #0 - SUBJECT ADDED ENTRY--TOPICAL TERM | |
| Topical Term | Topological transformation groups. |
| Topical Term | Lie groups. |
| 856 40 - ELECTRONIC LOCATION AND ACCESS | |
| Uniform Resource Identifier | http://site.ebrary.com/lib/rucke/Doc?id=10599203 |
No items available.
